000 00309nam a22001457a 4500
003 SGT
082 _a346,NOR
100 _aNORONHA,FE.
245 _aPRIVATE INTERNATIONAL LAW IN INDIA
250 _a2ND
260 _aNEW DELHI
_bUNIVERSAL
_c2013
300 _a368
650 _aPRIVATE LAW
942 _2ddc
_cBK
999 _c10135
_d10135